[Event "XVII Juros Svente 2020-A"]
[Site "Klaipeda"]
[Date "2020.07.21"]
[Round "2.6"]
[White "Januseviciute, Donata"]
[Black "Butvilas, Aistis"]
[Result "0-1"]
[WhiteElo "1520"]
[BlackElo "2103"]
[Annotator "TA"]
[PlyCount "72"]
[EventDate "2020.07.20"]
[EventType "tourn"]
[EventCountry "LTU"]
[SourceTitle "playchess.com"]
[Source "ChessBase"]
[SourceQuality "1"]

{[%evp 9,72,14,20,-18,-8,-31,-8,-27,-29,-34,-37,-67,-54,-86,-81,-80,-81,-74,-82,-151,-151,-141,-142,-147,-168,-252,-252,-256,-254,-312,-237,-287,-275,-378,-286,-282,-279,-278,-275,-268,-272,-362,-341,-355,-286,-292,-292,-442,-433,-490,-479,-1533,-1506,-1290,-884,-1439,-1412,-2404,-2551,-2034,-1949,-1690,-1684,-29979,-29979]} 1. Nf3 Nf6 2. g3 b6 3. Bg2 Bb7 4. d4 e6 5. O-O Be7 6. Nc3 {A47: 1 d4 Nf6 2 Nf3 b6: Torre, London and Colle Systems.} O-O 7. b3 c5 8. e3 {[#] The position is equal.} d5 $146 ({Predecessor:} 8... Qc7 9. Bb2 d6 10. Nb5 Qd7 11. c4 a6 12. Nc3 Ne4 13. Nxe4 Bxe4 14. d5 exd5 15. cxd5 {½-½ (42) Riedelsheimer,J (1152)-Wisheckel,L (1775) Germany 2010}) 9. Ba3 Nbd7 10. Qd3 Rc8 11. Qd2 cxd4 12. Bxe7 dxc3 13. Bxd8 cxd2 14. Bxf6 (14. Be7 $142) 14... Nxf6 $17 15. Nxd2 Rxc2 16. Rfd1 Ba6 {White must now prevent ...Be2.} 17. Bf1 (17. Nf3 $142) 17... Bxf1 $19 18. Kxf1 Rfc8 19. Ke1 Kf8 20. h4 Ke7 21. f3 e5 22. Nf1 Ke6 23. Rd2 h5 24. Kd1 Rxd2+ 25. Kxd2 {[%mdl 4096] Endgame KRN-KRN} e4 26. f4 {[#]} d4 $1 {[%mdl 512]} 27. exd4 Ng4 28. Re1 (28. d5+ {keeps fighting.} Kxd5 29. Rd1) 28... Kd5 29. Ne3+ Nxe3 30. Rxe3 (30. Kxe3 $142 Rc3+ 31. Kf2) 30... Kxd4 {KR-KR} 31. Re2 Rc6 32. Re1 f5 33. Rd1 e3+ 34. Ke2+ Ke4 35. Rd7 Rc2+ {[%mdl 64] [#] Double Attack} 36. Ke1 Kf3 {White got outplayed after the opening. Accuracy: White = 36%, Black = 84%.} 0-1

[Event "XVII Juros Svente 2020-A"]
[Site "Klaipeda"]
[Date "2020.07.21"]
[Round "2.8"]
[White "Paulauskas, Andrius"]
[Black "Ullrich, Karol"]
[Result "1-0"]
[WhiteElo "1904"]
[BlackElo "1404"]
[Annotator "TA"]
[PlyCount "63"]
[EventDate "2020.07.20"]
[EventType "tourn"]
[EventCountry "LTU"]
[SourceTitle "playchess.com"]
[Source "ChessBase"]
[SourceQuality "1"]

{[%evp 9,63,20,33,29,33,32,50,43,160,149,392,398,393,385,393,345,393,381,433,439,410,406,511,466,581,561,735,722,865,872,945,943,922,916,1003,993,972,929,1060,1056,1033,1051,1036,1023,1187,1187,1917,1949,4933,2717,29978,29979,29985,29986,29986,29987]} 1. e4 c6 2. c4 d5 3. exd5 cxd5 4. cxd5 Qxd5 5. Nc3 Qd8 6. Bc4 {B10: Caro-Kann: 2 d3 and 2 c4.} Nf6 7. Nf3 Nc6 8. d4 {White is slightly better.} Bg4 (8... e6 $14) 9. d5 $16 {Qa4 is the strong threat.} Ne5 $2 (9... Bxf3 $16 {was worth a try.} 10. Qxf3 (10. gxf3 Ne5 $16) 10... Ne5 11. Bb5+ Nfd7) 10. Nxe5 $18 {[%mdl 64] [#] Discovered Attack} Bxd1 11. Bb5+ Nd7 12. Bxd7+ ({Not} 12. Kxd1 Qc7 $16) 12... Qxd7 13. Nxd7 {[#]} Bf3 $146 ({Predecessor:} 13... Kxd7 14. Kxd1 g6 15. Bf4 Bg7 16. Rc1 Rac8 17. Kd2 a6 18. b3 Bxc3+ 19. Rxc3 Rxc3 20. Kxc3 Rc8+ {1-0 (30) Sauer,A (1606)-Moeller,L (1541) Naumburg Saale 2014}) 14. gxf3 Kxd7 15. Be3 e6 16. Ke2 exd5 17. Rad1 Bd6 18. Rxd5 Ke7 19. Rhd1 Rhd8 {[#]} 20. Rxd6 $1 Rxd6 21. Bc5 {[%mdl 64] Pin} Rad8 22. Rxd6 Rxd6 23. Ne4 {[%mdl 64] Pin} Ke6 24. Nxd6 b6 25. Ba3 a6 26. Ke3 f6 27. Ne8 Kf7 28. Nc7 a5 29. b4 axb4 30. Bxb4 {White mates.} h5 31. a4 g5 32. Nd5 {White took control after the opening. Accuracy: White = 100%, Black = 11%.} 1-0

[Event "XVII Juros Svente 2020-A"]
[Site "Klaipeda"]
[Date "2020.07.21"]
[Round "2.9"]
[White "Pidluznij, Gleb"]
[Black "Scekaciov, Rostislav"]
[Result "1-0"]
[WhiteElo "2042"]
[BlackElo "1458"]
[Annotator "TA"]
[PlyCount "73"]
[EventDate "2020.07.20"]
[EventType "tourn"]
[EventCountry "LTU"]
[SourceTitle "playchess.com"]
[Source "ChessBase"]
[SourceQuality "1"]

{[%evp 10,73,23,19,22,0,-8,-7,-25,-14,0,-7,4,6,0,-93,-96,-92,-70,-20,0,0,0,18,61,60,123,123,123,116,123,116,129,123,131,110,124,123,123,123,146,139,137,142,282,281,270,269,311,250,249,181,259,257,289,208,930,900,855,816,832,742,1241,1258,1022,956]} 1. e4 c6 2. d4 d5 3. e5 Bf5 4. Nd2 e6 5. Nb3 Nd7 6. Nf3 Rc8 {[#] B12: Caro-Kann: Advance Variation.} 7. a4 $146 ({Predecessor:} 7. Be3 a6 8. Be2 c5 9. c3 c4 10. Nbd2 b5 11. O-O Bg6 12. g3 Ne7 13. Nh4 Nf5 14. Nxf5 Bxf5 {½-½ (55) Kollars,D (2562)-Admiraal,M (2478) chess.com INT 2019}) 7... a6 8. c4 dxc4 {The position is equal.} 9. Bxc4 Bb4+ 10. Bd2 Bxd2+ 11. Qxd2 Ne7 12. Nc5 (12. O-O $11 {remains equal.}) 12... Nxc5 $17 13. dxc5 Qxd2+ 14. Kxd2 O-O 15. Ke3 Nd5+ 16. Bxd5 $1 exd5 17. Nd4 $36 {[%mdl 2048] White has some pressure.} Be4 {White now steadily converts the win.} (17... Bd7 $14) 18. f3 $16 Bg6 19. Ra3 Rfe8 20. Kf4 Rc7 21. Rb3 Rce7 22. Re1 h6 23. h4 Bh7 24. Rbe3 Kh8 25. g4 Rg8 26. h5 g5+ (26... Rge8 $16 {might work better.} 27. b4 Rc8) 27. hxg6 $1 $18 Bxg6 28. Rh1 Kg7 29. Re2 Rh8 30. Kg3 Rd7 (30... a5 $142 31. Kf4 Rc7) 31. f4 {Hoping for f5.} Be4 32. Rh4 Kg6 $2 {[#]} (32... Re7 33. b4 Ree8) 33. f5+ {White is clearly winning.} Kg7 34. Kf4 f6 35. Reh2 Re7 36. exf6+ {[%mdl 64] [#] Overworked Piece} Kxf6 37. Rxh6+ {Accuracy: White = 86%, Black = 58%.} 1-0

[Event "XVII Juros Svente 2020-A"]
[Site "Klaipeda"]
[Date "2020.07.21"]
[Round "2.10"]
[White "Viliusis, Neimantas"]
[Black "Pocius, Vaclovas"]
[Result "0-1"]
[WhiteElo "1461"]
[BlackElo "1714"]
[Annotator "NA RC"]
[PlyCount "123"]
[EventDate "2020.07.20"]
[EventType "tourn"]
[EventCountry "LTU"]
[SourceTitle "playchess.com"]
[Source "ChessBase"]
[SourceQuality "1"]
[TimeControl "40/5400+30:1800+30"]

1. Nf3 {[%emt 0:00:00]} b6 {[%emt 0:01:29]} 2. g3 {[%emt 0:00:00]} Bb7 {[%emt 0:00:10]} 3. Bg2 {[%emt 0:00:01]} e5 {[%emt 0:00:56]} 4. d3 {[%emt 0:01:03]} f5 {[%emt 0:05:53]} 5. O-O {[%emt 0:02:40]} d6 {[%emt 0:00:58]} 6. c4 {[%emt 0:02:31]} Nf6 {[%emt 0:03:34]} 7. Nc3 {[%emt 0:01:06]} Be7 {[%emt 0:06:19]} 8. Qb3 {[%emt 0:04:39]} Nc6 {[%emt 0:08:27]} 9. Nd5 {[%emt 0:06:55]} Na5 {[%emt 0:08:51]} 10. Nxf6+ {[%emt 0:02:53]} Bxf6 {[%emt 0:00:31]} 11. Qc2 {[%emt 0:01:05]} g5 {[%emt 0:03:55]} 12. e4 {[%emt 0:06:59]} f4 {[%emt 0:05:11]} 13. b4 {[%emt 0:01:43]} Nc6 {[%emt 0:03:47]} 14. a3 {[%emt 0:00:29]} g4 {[%emt 0:03:04]} 15. Ne1 {[%emt 0:15:14]} f3 {[%emt 0:04:22]} 16. Nxf3 {[%emt 0:01:04]} gxf3 {[%emt 0:00:38]} 17. Bxf3 {[%emt 0:00:03]} Nd4 {[%emt 0:02:28]} 18. Bh5+ {[%emt 0:00:28]} Ke7 {[%emt 0:05:24]} 19. Qd1 {[%emt 0:01:23]} Bc8 {[%emt 0:00:47]} 20. Be3 {[%emt 0:01:25]} Bh3 {[%emt 0:00:42]} 21. Re1 {[%emt 0:00:14]} Ne6 {[%emt 0:02:56]} 22. Bg4 {[%emt 0:02:46]} Bxg4 {[%emt 0:00:48]} 23. Qxg4 {[%emt 0:00:02]} Qg8 {[%emt 0:01:14]} 24. Qxg8 {[%emt 0:03:30]} Raxg8 {[%emt 0:00:09]} 25. Rac1 {[%emt 0:00:29]} c5 {[%emt 0:00:54]} 26. b5 {[%emt 0:02:45]} Bg5 {[%emt 0:01:59]} 27. Bxg5+ {[%emt 0:02:06]} Nxg5 {[%emt 0:00:37]} 28. Kg2 {[%emt 0:00:13]} Rf8 {[%emt 0:00:23]} 29. Re3 {[%emt 0:00:29]} Rf7 {[%emt 0:02:06]} 30. Ra1 {[%emt 0:00:45]} Rhf8 {[%emt 0:00:12]} 31. Ra2 {[%emt 0:00:30]} Nf3 {[%emt 0:01:54]} 32. a4 {[%emt 0:00:45]} Nd4 {[%emt 0:02:17]} 33. a5 {[%emt 0:01:18]} Kd7 {[%emt 0:01:22]} 34. axb6 {[%emt 0:00:56]} axb6 {[%emt 0:00:01]} 35. Ra7+ {[%emt 0:00:12]} Kc8 {[%emt 0:00:10]} 36. Rxf7 {[%emt 0:00:08]} Rxf7 {[%emt 0:00:08]} 37. f3 {[%emt 0:06:46]} Ra7 {[%emt 0:00:49]} 38. h4 {[%emt 0:02:45]} Ra2+ {[%emt 0:01:10]} 39. Kf1 {[%emt 0:00:55]} Ra3 {[%emt 0:01:52]} 40. f4 {[%emt 0:05:54]} Nc2 {[%emt 0:00:42]} 41. Rf3 {[%emt 0:30:36]} Nb4 {[%emt 0:30:28]} 42. Ke2 {[%emt 0:02:31]} Kd8 {[%emt 0:00:52]} 43. f5 {[%emt 0:00:10]} Ke7 {[%emt 0:00:34]} 44. g4 {[%emt 0:07:12]} Ra2+ {[%emt 0:00:23]} 45. Ke1 {[%emt 0:03:36]} Rh2 {[%emt 0:00:50]} 46. Rg3 {[%emt 0:01:34]} Rxh4 {[%emt 0:00:57]} 47. Ke2 {[%emt 0:01:51]} Rh2+ {[%emt 0:05:55]} 48. Ke1 {[%emt 0:00:58]} Kf7 {[%emt 0:02:12]} 49. g5 {[%emt 0:00:38]} Kg7 {[%emt 0:03:11]} 50. Kd1 {[%emt 0:02:44]} Kf7 {[%emt 0:02:19]} 51. Ke1 {[%emt 0:00:27]} Nc2+ {[%emt 0:02:37]} 52. Kd1 Nd4 {[%emt 0:00:43]} 53. Ke1 {[%emt 0:01:28]} Ne2 {[%emt 0:00:20]} 54. Rg4 {[%emt 0:01:29]} Nf4 {[%emt 0:00:21]} 55. Rg3 {[%emt 0:01:56]} Rg2 {[%emt 0:00:52]} 56. Rxg2 {[%emt 0:01:17]} Nxg2+ {[%emt 0:00:02]} 57. Kf2 {[%emt 0:00:17]} Nf4 {[%emt 0:00:12]} 58. Ke3 {[%emt 0:00:05]} Nh3 {[%emt 0:00:09]} 59. g6+ {[%emt 0:00:10]} hxg6 {[%emt 0:00:17]} 60. fxg6+ {[%emt 0:00:04]} Kxg6 {[%emt 0:00:10]} 61. Kf3 {[%emt 0:00:22]} Nf4 {[%emt 0:00:12]} 62. Ke3 0-1

[Event "XVII Juros Svente 2020-A"]
[Site "Klaipeda"]
[Date "2020.07.21"]
[Round "2.11"]
[White "Bazilius, Augustinas"]
[Black "Piksrys, Rutenis"]
[Result "0-1"]
[WhiteElo "1632"]
[BlackElo "1532"]
[Annotator "NA RC"]
[PlyCount "76"]
[EventDate "2020.07.20"]
[EventType "tourn"]
[EventCountry "LTU"]
[SourceTitle "playchess.com"]
[Source "ChessBase"]
[SourceQuality "1"]
[TimeControl "40/5400+30:1800+30"]

1. e4 {[%emt 0:00:00]} g6 {[%emt 0:00:00]} 2. d4 {[%emt 0:00:00]} Bg7 {[%emt 0:00:18]} 3. Nc3 {[%emt 0:00:13]} d6 {[%emt 0:00:11]} 4. Be3 {[%emt 0:00:21]} Nf6 {[%emt 0:00:14]} 5. Qd2 {[%emt 0:00:08]} Nbd7 {[%emt 0:01:24]} 6. f3 {[%emt 0:00:10]} O-O {[%emt 0:00:28]} 7. Bh6 {[%emt 0:01:10]} e5 {[%emt 0:01:02]} 8. Nge2 {[%emt 0:00:51]} Nxe4 {[%emt 0:00:26]} 9. Nxe4 {[%emt 0:04:49]} Qh4+ {[%emt 0:00:09]} 10. g3 {[%emt 0:02:33]} Qxh6 {[%emt 0:00:10]} 11. f4 {[%emt 0:01:37]} exd4 {[%emt 0:01:03]} 12. O-O-O {[%emt 0:00:30]} d5 {[%emt 0:03:27]} 13. Ng5 {[%emt 0:02:34]} c5 {[%emt 0:01:06]} 14. Nf3 {[%emt 0:03:23]} Nf6 {[%emt 0:00:50]} 15. h3 {[%emt 0:01:33]} Ne4 {[%emt 0:00:41]} 16. Qe1 {[%emt 0:00:01]} Re8 {[%emt 0:03:11]} 17. Nd2 {[%emt 0:03:04]} f5 {[%emt 0:04:05]} 18. Bg2 {[%emt 0:03:15]} Bf6 {[%emt 0:00:44]} 19. g4 {[%emt 0:03:49]} Bh4 {[%emt 0:03:39]} 20. Qf1 {[%emt 0:00:54]} Be7 {[%emt 0:03:34]} 21. gxf5 {[%emt 0:07:07]} Bxf5 {[%emt 0:00:40]} 22. Nxe4 {[%emt 0:01:38]} dxe4 {[%emt 0:02:46]} 23. Ng3 {[%emt 0:00:52]} Bd6 {[%emt 0:01:18]} 24. Nxf5 {[%emt 0:00:35]} gxf5 {[%emt 0:00:48]} 25. Kb1 {[%emt 0:00:33]} Kh8 {[%emt 0:01:09]} 26. Qb5 {[%emt 0:00:39]} b6 {[%emt 0:01:04]} 27. Qd7 {[%emt 0:00:45]} Qe6 {[%emt 0:01:30]} 28. Qb7 {[%emt 0:00:27]} Rg8 {[%emt 0:01:27]} 29. Rhg1 {[%emt 0:00:49]} Bxf4 {[%emt 0:01:13]} 30. Bxe4 {[%emt 0:00:52]} Qxe4 {[%emt 0:02:46]} 31. Qf7 {[%emt 0:00:19]} Qe5 {[%emt 0:06:52]} 32. Rde1 {[%emt 0:01:16]} Be3 {[%emt 0:01:25]} 33. Rgf1 {[%emt 0:02:24]} f4 {[%emt 0:01:19]} 34. b3 {[%emt 0:00:15]} Rg7 {[%emt 0:01:21]} 35. Qc4 {[%emt 0:00:18]} Rag8 {[%emt 0:00:59]} 36. Qa6 {[%emt 0:00:20]} Rg2 {[%emt 0:03:02]} 37. Qa3 {[%emt 0:01:47]} Qe4 {[%emt 0:01:05]} 38. Qb2 {[%emt 0:00:47]} f3 {[%emt 0:00:56]} 0-1

[Event "XVII Juros Svente 2020-A"]
[Site "Klaipeda"]
[Date "2020.07.21"]
[Round "2.12"]
[White "Tolmacevs, Artjoms"]
[Black "Luksas, Jonas"]
[Result "1-0"]
[WhiteElo "1610"]
[BlackElo "1519"]
[Annotator "NA RC"]
[PlyCount "45"]
[EventDate "2020.07.20"]
[EventType "tourn"]
[EventCountry "LTU"]
[SourceTitle "playchess.com"]
[Source "ChessBase"]
[SourceQuality "1"]
[TimeControl "40/5400+30:1800+30"]

1. e4 {[%emt 0:00:00]} c5 {[%emt 0:00:31]} 2. Nf3 {[%emt 0:00:00]} d6 {[%emt 0:00:14]} 3. d4 {[%emt 0:00:00]} cxd4 {[%emt 0:00:08]} 4. Nxd4 {[%emt 0:00:00]} Nf6 {[%emt 0:00:20]} 5. Nc3 {[%emt 0:00:00]} a6 {[%emt 0:00:11]} 6. Be3 {[%emt 0:00:01]} e5 {[%emt 0:00:15]} 7. Nb3 {[%emt 0:00:09]} Be6 {[%emt 0:00:13]} 8. f3 {[%emt 0:00:13]} Nbd7 {[%emt 0:00:34]} 9. g4 {[%emt 0:00:50]} Be7 {[%emt 0:00:16]} 10. Qd2 {[%emt 0:00:19]} O-O {[%emt 0:01:06]} 11. O-O-O {[%emt 0:00:05]} b5 {[%emt 0:00:28]} 12. g5 {[%emt 0:00:07]} Nh5 {[%emt 0:04:45]} 13. Nd5 {[%emt 0:03:49]} Bxd5 {[%emt 0:00:47]} 14. exd5 {[%emt 0:00:07]} f6 {[%emt 0:12:24]} 15. gxf6 {[%emt 0:00:38]} Bxf6 {[%emt 0:02:59]} 16. Rg1 {[%emt 0:12:29]} g6 {[%emt 0:06:05]} 17. Bd3 {[%emt 0:08:38]} Kf7 {[%emt 0:14:41]} 18. Qb4 {[%emt 0:09:02]} Nb6 {[%emt 0:07:20]} 19. Qg4 {[%emt 0:02:17]} Rg8 {[%emt 0:03:46]} 20. Qe6+ {[%emt 0:03:21]} Kg7 {[%emt 0:01:13]} 21. Bxg6 {[%emt 0:01:27]} hxg6 {[%emt 0:00:35]} 22. Rxg6+ {[%emt 0:00:04]} Kxg6 {[%emt 0:02:25]} 23. Rg1+ {[%emt 0:00:03]} 1-0

[Event "XVII Juros Svente 2020-A"]
[Site "Klaipeda"]
[Date "2020.07.22"]
[Round "3.1"]
[White "Zirnovas, Martynas"]
[Black "Laurusas, Tomas"]
[Result "0-1"]
[WhiteElo "1801"]
[BlackElo "2511"]
[Annotator "TA"]
[PlyCount "92"]
[EventDate "2020.07.20"]
[EventType "tourn"]
[EventCountry "LTU"]
[SourceTitle "playchess.com"]
[Source "ChessBase"]
[SourceQuality "1"]

{[%evp 9,92,-3,25,36,37,27,46,0,0,-19,-9,-40,-35,-101,-88,-84,-50,-112,-52,-62,-53,-152,-22,-25,-6,-9,-16,-16,41,34,31,22,26,0,98,112,103,20,35,25,18,18,27,28,21,10,11,-5,5,0,0,0,0,0,15,11,17,-12,-19,-45,-25,-89,-75,-70,-25,-21,-25,-204,-182,-171,-172,-168,-162,-330,-272,-517,-510,-1273,-1226,-1460,-1804,-1727,-1629,-1676,-1578]} 1. e4 c6 2. d3 g6 3. f4 Bg7 4. Nf3 d5 5. e5 Nh6 6. d4 {B10: Caro-Kann: 2 d3 and 2 c4.} O-O 7. Be2 c5 {[#]} 8. O-O $146 (8. dxc5 $14 Nc6 9. O-O) ({Predecessor:} 8. dxc5 Qa5+ 9. Nc3 Rd8 10. Be3 Nf5 11. Qd2 Nc6 12. Bf2 Bh6 13. g4 d4 14. Nd1 Qxd2+ 15. Nxd2 {0-1 (67) Salem,A (2069)-Vishnu,P (2524) Sharjah 2019}) 8... cxd4 $11 9. Nxd4 Nc6 10. Nxc6 bxc6 11. a4 (11. Nc3 $15) 11... f6 $17 12. exf6 exf6 13. Nd2 (13. c4 $1 $15) 13... Nf5 ({Black should play} 13... Re8 $17 14. Nb3 f5) 14. Nb3 $15 Re8 15. Bg4 (15. Bd2 $15) 15... Ba6 (15... Nd6 $17 {Strongly threatening ...Qb6+.} 16. Bxc8 Rxc8) 16. Re1 $1 $11 Qb6+ 17. Kh1 Qf2 18. Bd2 $1 Nh4 (18... Bc4 $11) 19. Rxe8+ $1 $14 Rxe8 {[%csl Gh4][%cal Rf2g2]} 20. Qg1 Qxg1+ 21. Rxg1 f5 {[#]} (21... Bc8 $1 $11 {remains equal.} 22. Bxc8 Rxc8) 22. Bd1 $1 $16 g5 23. Nc5 (23. fxg5 $16 Bxb2 24. Re1) 23... Bc8 $11 24. Re1 Rxe1+ 25. Bxe1 Bxb2 26. fxg5 Ng6 27. Nd3 Bd4 28. Bd2 Ba6 29. Nb4 Bb7 30. a5 c5 31. a6 Bc8 32. Nxd5 Bxa6 33. Nc7 Bc4 34. Bf3 Kf7 35. Bd5+ (35. Nd5 $1 $11) 35... Bxd5 $17 36. Nxd5 {[%mdl 4096] Endgame KBN-KBN} Ke6 37. Nc7+ Ke5 38. c3 $2 {Loses the game.} (38. Nb5 $11) 38... Bf2 $19 39. g3 {[#] And now Kg2 would win.} c4 40. Kg2 Bb6 41. Ne8 $2 (41. Nb5) 41... Ke4 42. Kf1 $2 (42. h4 {might work better.} Kd3 43. Bc1) 42... Kd3 {Black is clearly winning.} 43. Be1 (43. Bc1 $142 Kxc3 44. h4) 43... a5 {[%cal Ba7a5,Ba5a4,Ba4a3][%mdl 32]} 44. Nd6 a4 45. Nb5 Bc5 46. Bf2 a3 {Accuracy: White = 50%, Black = 78%.} 0-1

[Event "XVII Juros Svente 2020-A"]
[Site "Klaipeda"]
[Date "2020.07.22"]
[Round "3.2"]
[White "Stremavicius, Pijus"]
[Black "Salna, Aleksandras"]
[Result "1-0"]
[WhiteElo "2163"]
[BlackElo "2063"]
[Annotator "TA"]
[PlyCount "77"]
[EventDate "2020.07.20"]
[EventType "tourn"]
[EventCountry "LTU"]
[SourceTitle "playchess.com"]
[Source "ChessBase"]
[SourceQuality "1"]

{[%evp 16,77,21,24,34,34,35,21,21,15,25,0,12,7,7,0,80,0,0,0,0,-11,0,0,10,-49,-34,-64,-50,-133,64,68,82,82,90,85,294,179,160,138,549,536,536,478,544,533,466,520,682,595,560,512,518,489,1194,1161,1000,510,29994,29994,29994,29995,29996,29997]} 1. d4 d5 2. c4 c6 3. cxd5 cxd5 4. Bf4 Nc6 5. e3 Nf6 6. Nc3 a6 7. Bd3 Bg4 8. Nge2 e6 9. Rc1 Bd6 {D10: Slav Defence: 3 cxd5 (without early Nf3) and 3 Nc3.} 10. f3 Bh5 11. O-O O-O {The position is equal.} 12. Na4 e5 13. Bg5 (13. dxe5 {keeps more tension.} Nxe5 14. g4 Bg6 15. Bxg6 hxg6 16. Nac3) 13... exd4 {[#]} 14. Nxd4 $146 ({Predecessor:} 14. exd4 Bg6 15. Nc5 Bxc5 16. Rxc5 Re8 17. Nf4 Bxd3 18. Qxd3 Qd6 19. Qd2 b6 20. Rc3 {1-0 (38) Socko,B (2593)-Malakhov,V (2686) Riadh 2017}) 14... Nxd4 15. exd4 Qb8 (15... Re8 $11 {remains equal.}) 16. Bxf6 (16. Nb6 $16) 16... Bxh2+ $11 17. Kh1 {Threatens to win with Be7.} gxf6 18. g4 Bg6 19. Nb6 $36 {[%mdl 2048] Black is under pressure.} Qf4 {...Rad8 is the strong threat.} 20. Bxg6 (20. Nxa8 $11 Bg3 21. Kg2) 20... hxg6 $15 21. Rc2 Bg3 22. Qc1 ({White should play} 22. Nxa8 $15 Qh6+ 23. Kg1 Rxa8 24. f4 Bxf4 25. Qf3 Be3+ 26. Kg2 Bxd4 27. Qf4 Qxf4 28. Rxf4) 22... Qd6 $2 ({Better is} 22... Rad8 $17 23. Kg2 Kg7 24. Qxf4 Bxf4) 23. Nxa8 $14 Bf4 24. Qe1 {Hoping for Nc7.} Rxa8 25. Kg2 Qb6 $2 (25... Kg7 $16 {keeps fighting.}) 26. Rh1 {aiming for Qh4.} g5 27. Qd1 Qb5 $2 {[%mdl 8192] [#] Black cannot hold the game after this.} (27... Kg7 $16) 28. a4 $1 $18 {[%mdl 512]} Qd7 (28... Qxa4 29. Rc8+) 29. Qd3 f5 30. gxf5 {f6 would kill now.} f6 31. Re2 Kg7 32. Rhe1 {Black must now prevent Re7+.} Bd6 33. Re6 Rh8 {[#]} 34. f4 $1 gxf4 (34... Rh4 $142 35. fxg5 Rg4+ 36. Kf2 Rxg5) (34... Bxf4 35. Re7+) 35. Qf3 {White wants to mate with Qg4+.} Rh6 36. Rh1 Be7 (36... Rxh1 $18 37. Kxh1 Bf8 38. Qg4+ Kh8 39. Rxf6 Qe8) 37. Rxh6 {White mates.} Kxh6 38. Qg4 {[%csl Gf5][%cal Rg4g6]} Qe8 {[#]} 39. Rxe7 $1 {[%mdl 576] Double Attack. Accuracy: White = 67%, Black = 52%.} 1-0

[Event "XVII Juros Svente 2020-A"]
[Site "Klaipeda"]
[Date "2020.07.22"]
[Round "3.3"]
[White "Butvilas, Aistis"]
[Black "Jablokov, Dmitrij"]
[Result "1/2-1/2"]
[WhiteElo "2103"]
[BlackElo "1962"]
[Annotator "TA"]
[PlyCount "50"]
[EventDate "2020.07.20"]
[EventType "tourn"]
[EventCountry "LTU"]
[SourceTitle "playchess.com"]
[Source "ChessBase"]
[SourceQuality "1"]

{[%evp 9,50,0,7,9,9,5,10,2,8,12,11,13,45,52,48,59,84,60,68,52,60,27,59,40,54,48,47,15,18,9,13,-17,-38,-76,-32,-30,-31,-31,-31,-31,-31,-26,-21]} 1. d4 Nf6 2. c4 g6 3. Nc3 d5 4. Nf3 Bg7 5. h4 c6 6. cxd5 {D90: Grünfeld: 4 Nf3 Bg7 sidelines.} cxd5 7. Bf4 Nc6 8. e3 {The position is equal.} O-O 9. Ne5 Qb6 10. Qb3 Bf5 11. Qxb6 axb6 12. f3 {[#]} h5 $146 ({Predecessor:} 12... Rfc8 13. g4 Be6 14. h5 Ne8 15. hxg6 hxg6 16. Be2 Nd6 17. Kf2 b5 18. Nd3 b4 {0-1 (55) Pulvett Marin,D (2465)-Gledura,B (2626) Barcelona 2018}) 13. Be2 Rfd8 14. Kf2 Ne8 15. Rhd1 Be6 16. Nd3 Nd6 17. Rac1 f6 18. Bh2 {Strongly threatening Nf4.} Bf7 19. Nf4 e6 20. b3 Nf5 21. Nh3 Bh6 22. Bf4 Bxf4 23. Nxf4 Nxh4 24. Rd2 Nf5 25. Na4 g5 {Accuracy: White = 79%, Black = 82%.} 1/2-1/2